[Event "FRA-ch Open A-D 2018"]
[Site "Nimes"]
[Date "2018.08.25"]
[Round "8"]
[White "Pham, Arthur"]
[Black "Llapasset, Jean-Louis"]
[Result "1-0"]
[WhiteElo "2107"]
[BlackElo "2086"]
[Annotator "TA"]
[PlyCount "83"]
[EventDate "2018.08.18"]
[EventType "tourn"]
[EventCountry "FRA"]
[SourceTitle "playchess.com"]
[Source "ChessBase"]
[SourceQuality "1"]

{[%evp 13,83,39,25,6,12,8,20,0,0,0,0,-6,14,0,33,23,44,47,48,51,69,61,37,56,118,99,121,72,77,73,131,91,86,88,106,74,75,89,84,84,86,75,109,114,105,105,105,107,427,422,407,422,592,590,587,587,575,550,528,453,621,608,597,644,623,616,646,644,642,622,572,562]} 1. e4 c5 2. Nf3 d6 3. c3 Nf6 4. h3 Bd7 5. Bd3 (5. Qc2 Bc6 6. d3 Nbd7 7. Nbd2 g6 8. d4 cxd4 9. Nxd4 Bg7 10. Be2 O-O 11. O-O Nc5 12. Nxc6 bxc6 {½-½ (68) Svidler,P (2726)-Movsesian,S (2747) Odessa 2009}) 5... Nc6 6. O-O {B50: Sizilianisch (Verschiedenes mit 2...d6)} g6 7. Bc2 Bg7 {LiveBook: 6 Partien} 8. d3 {Weiß hat minimalen Vorteil.} O-O 9. Re1 e5 10. Nbd2 $146 ({Vorgänger:} 10. Be3 Re8 11. Nbd2 b6 12. a3 d5 {0-1 (41) Prochazka,D (2191)-Juptner,J (2322) Prague 2015}) 10... b5 11. Nf1 Nh5 12. Bb3 h6 13. Be3 Kh7 14. d4 c4 {[#] Weiss muss nun ...exd4 beachten.} 15. Bc2 Qe7 16. Qd2 $36 {[%mdl 2048] Schwarz steht unter Druck.} Rfd8 17. g4 {Und weiter mit d5 wäre nett.} Nf6 18. Ng3 Ng8 (18... Rdc8 $14) 19. d5 $16 Nb8 20. b3 Rc8 21. Reb1 {[%cal Be1b1,Bb1b3,Bb3b6][%mdl 32]} a6 (21... Na6 $142) 22. a4 cxb3 23. Rxb3 {Droht axb5 und aus.} bxa4 24. Rb6 Bb5 25. Bxa4 Nd7 26. Rb7 ({Natürlich nicht} 26. Bxb5 $6 Nxb6 27. Bc6 Rab8 $11) 26... Bxa4 27. Rxa4 Qe8 28. Qa2 Rxc3 29. Rxa6 Rxa6 30. Qxa6 Rxe3 $4 {[%mdl 8192]} (30... Ngf6 $16 {ist eine bessere Chance.}) 31. fxe3 $18 Nc5 32. Qc6 Qa8 (32... Qd8 {ist wohl besser.} 33. Ra7 (33. Rxf7 Ne7 $18) 33... Nf6 34. Rxf7 Nfxe4) 33. Rxf7 Qb8 34. Qc7 Qxc7 35. Rxc7 Nf6 {[#]} 36. Nxe5 $1 Ne8 (36... dxe5 37. Rxc5) 37. Re7 Nf6 38. Nc4 Kg8 39. Rc7 Ncxe4 40. Nxe4 Nxe4 41. Re7 Nc3 42. e4 {Precision: Weiß = 59%, Schwarz = 45%.} 1-0

[Event "FRA-ch Open A-D 2018"]
[Site "Nimes"]
[Date "2018.08.25"]
[Round "8"]
[White "Pupier, Terry"]
[Black "Giacomini, Hector"]
[Result "0-1"]
[WhiteElo "2068"]
[BlackElo "2196"]
[Annotator "TA"]
[PlyCount "122"]
[EventDate "2018.08.18"]
[EventType "tourn"]
[EventCountry "FRA"]
[SourceTitle "playchess.com"]
[Source "ChessBase"]
[SourceQuality "1"]

{[%evp 13,122,-34,-20,-22,-33,-37,-27,-39,-56,-71,-37,-50,-8,-162,-172,-160,-163,-176,-84,-85,-32,-88,-86,-153,-66,-81,-53,-49,-46,-46,0,0,0,0,0,0,0,0,0,0,0,0,18,0,0,0,0,0,0,0,0,0,0,0,6,9,33,19,57,0,0,0,0,0,0,0,0,0,0,0,0,0,0,0,0,-69,0,-137,-137,-117,-110,-151,0,0,0,-143,-143,-139,-93,-166,-197,-777,-773,-703,-655,-1354,-1347,-1311,-1262,-978,-369,-931,-926,-812,-794,-944,-922,-1387,-1318,-1216,-1081]} 1. e4 e6 2. b3 d5 3. Bb2 dxe4 4. Nc3 Nf6 5. Qe2 Be7 6. Nxe4 O-O {C00: French: Unusual White 2nd moves} 7. Nf3 b6 {LiveBook: 7 Games} 8. d4 Bb7 {The position is equal.} 9. Nxf6+ Bxf6 10. Ne5 c5 $146 ({Predecessor:} 10... Nd7 11. O-O-O a5 12. Qh5 g6 13. Qg4 Qe7 14. Bb5 Nxe5 15. dxe5 {0-1 (46) Bokelbrink,U (2301)-Bluebaum,M (2433) Germany 2012}) 11. dxc5 Nc6 12. Rd1 Qc7 13. Nc4 $2 (13. Rd7 $11 {and White has nothing to worry.} Qc8 14. Rd2) 13... Bxb2 $19 14. Nxb2 Rfd8 $1 {White must now prevent ...Nd4.} 15. c3 bxc5 (15... Ne7 $19 {and Black stays clearly on top.} 16. Nd3 Rac8) 16. Nc4 Ba6 ({Black should play} 16... Na5 $17 17. Ne3 f5) 17. Rxd8+ ({Better is} 17. Qe4 $15) 17... Rxd8 $17 18. Qe3 (18. Qc2 $142) 18... Na5 ({But not} 18... Qd7 19. Be2 $15) (18... Ne7 $1 $17 {Threatens to win with ...Nd5.} 19. Bd3 Nd5) 19. Nb2 Rd5 {Hoping for ...Re5.} 20. f4 ({Wrong is} 20. Bxa6 $2 Re5 $19) 20... Bxf1 21. Rxf1 Nc6 (21... c4 {with more complications.} 22. b4 Nc6 23. Kf2 Ne7 24. Kg1 a5) 22. Rf2 Ne7 23. Nc4 g6 24. Qf3 Qd8 25. Rd2 Rxd2 26. Nxd2 Qa5 27. a4 Nd5 28. c4 Nb4 29. Qa8+ Kg7 30. Qe4 Qd8 31. Ke2 Kg8 32. g3 h5 33. Qe3 Qc7 34. Ne4 Na6 35. Qc3 Qb7 36. Nf6+ (36. Qf3 $14 Kf8 37. Qe3) 36... Kf8 $11 37. Qf3 (37. Nh7+ {is interesting.} Kg8 38. Nf6+) 37... Qxf3+ 38. Kxf3 {[%mdl 4096] Endgame KN-KN} Ke7 39. Ne4 Kd7 40. Ke3 f5 41. Nd2 Nb8 42. Nf3 Nc6 43. Kd3 e5 {[%cal Be6e5,Be5e4][%mdl 32]} 44. Nh4 (44. fxe5 $11 Ke6 45. Kc3) 44... Ne7 ({Black should try} 44... e4+ $1 $15 45. Kd2 Ne7) 45. a5 (45. fxe5 $11 Ke6 46. Ng2) 45... e4+ $1 $17 46. Kc3 Kc6 47. Ng2 Ng8 48. Nh4 $1 Ne7 49. Ng2 $1 Kb7 $1 50. b4 Ka6 51. bxc5 (51. Nh4 $17) 51... Kxa5 $19 52. Kd4 $2 {[#]} (52. Ne3) 52... Kb4 $1 53. Ne3 Kb3 54. c6 Nxc6+ 55. Kc5 Nb4 56. Kb5 Kc3 $2 (56... a6+ 57. Kb6 {[#]} a5 $1 {[%mdl 512]} 58. Kxa5 Nc2) 57. c5 $2 (57. Nd5+ Nxd5 58. cxd5) 57... a6+ {Black is clearly winning.} 58. Ka5 Nc6+ 59. Kb6 Nd4 60. Nd5+ Kd2 61. Nb4 e3 {Precision: White = 40%, Black = 60%.} 0-1

[Event "FRA-ch Open A-D 2018"]
[Site "Nimes"]
[Date "2018.08.25"]
[Round "8"]
[White "Bianchi, Guillaume"]
[Black "Kollar, Romain"]
[Result "1-0"]
[WhiteElo "2064"]
[BlackElo "2065"]
[Annotator "NA RC"]
[PlyCount "73"]
[EventDate "2018.08.18"]
[EventType "tourn"]
[EventCountry "FRA"]
[SourceTitle "playchess.com"]
[Source "ChessBase"]
[SourceQuality "1"]
[TimeControl "40/5400+30:1800+30"]

1. d4 {[%emt 0:00:00]} Nf6 {[%emt 0:02:00]} 2. Nf3 {[%emt 0:00:00]} c5 {[%emt 0:02:09]} 3. d5 {[%emt 0:02:36]} e6 {[%emt 0:01:25]} 4. Nc3 {[%emt 0:01:45]} exd5 {[%emt 0:03:47]} 5. Nxd5 {[%emt 0:00:10]} Nxd5 {[%emt 0:00:04]} 6. Qxd5 {[%emt 0:00:05]} Be7 {[%emt 0:00:17]} 7. e4 {[%emt 0:02:33]} O-O {[%emt 0:07:04]} 8. Bc4 {[%emt 0:09:23]} d6 {[%emt 0:11:22]} 9. Bf4 {[%emt 0:04:27]} Qb6 $11 {[%emt 0:11:58]} 10. O-O-O {[%emt 0:08:07]} Nc6 {[%emt 0:08:44]} 11. Qh5 {[%emt 0:08:38]} Qb4 {[%emt 0:06:43]} 12. Bd5 {[%emt 0:06:54]} g6 {[%emt 0:01:43]} 13. Qh6 {[%emt 0:04:04]} Bf6 {[%emt 0:23:49]} 14. c3 {[%emt 0:01:53]} Bxc3 {[%emt 0:00:08]} 15. bxc3 {[%emt 0:00:20]} Qxc3+ {[%emt 0:00:11]} 16. Kb1 {[%emt 0:00:09]} Nb4 {[%emt 0:00:40]} 17. Bb3 {[%emt 0:18:42]} Nd3 {[%emt 0:02:52]} 18. Rd2 {[%emt 0:08:07]} Nxf4 {[%emt 0:02:43]} 19. Qxf4 {[%emt 0:01:36]} Qb4 {[%emt 0:00:02]} 20. Rb2 {[%emt 0:03:16]} c4 {[%emt 0:01:18]} 21. Bc2 {[%emt 0:00:49]} Qc5 {[%emt 0:00:10]} 22. Qh6 {[%emt 0:03:25]} f6 {[%emt 0:00:25]} 23. Qe3 {[%emt 0:01:46]} Qa5 {[%emt 0:02:00]} 24. Nd4 {[%emt 0:00:28]} Bd7 {[%emt 0:01:32]} 25. h4 {[%emt 0:01:21]} b5 {[%emt 0:01:50]} 26. f4 {[%emt 0:01:18]} b4 {[%emt 0:01:52]} 27. h5 {[%emt 0:00:31]} c3 {[%emt 0:02:44]} 28. Bb3+ {[%emt 0:00:13]} Kg7 {[%emt 0:00:20]} 29. Rc2 {[%emt 0:01:39]} Qc7 {[%emt 0:03:33]} 30. g4 {[%emt 0:02:01]} a5 {[%emt 0:00:39]} 31. Rch2 {[%emt 0:01:52]} Rh8 {[%emt 0:00:22]} 32. Bd5 {[%emt 0:01:50]} Rab8 {[%emt 0:00:34]} 33. hxg6 {[%emt 0:00:45]} hxg6 {[%emt 0:00:02]} 34. Rxh8 {[%emt 0:00:11]} Rxh8 {[%emt 0:00:01]} 35. Rxh8 {[%emt 0:00:06]} Kxh8 {[%emt 0:00:02]} 36. f5 {[%emt 0:01:42]} Qc5 {[%emt 0:02:21]} 37. Qh6# {[%emt 0:00:08]} 1-0

[Event "FRA-ch Open A-D 2018"]
[Site "Nimes"]
[Date "2018.08.25"]
[Round "8"]
[White "Destic, Pablo"]
[Black "Sabatier, Mathis"]
[Result "1/2-1/2"]
[WhiteElo "1921"]
[BlackElo "1904"]
[Annotator "NA RC"]
[PlyCount "111"]
[EventDate "2018.08.18"]
[EventType "tourn"]
[EventCountry "FRA"]
[SourceTitle "playchess.com"]
[Source "ChessBase"]
[SourceQuality "1"]
[TimeControl "40/5400+30:1800+30"]

1. e4 {[%emt 0:00:00]} e5 {[%emt 0:00:00]} 2. Nf3 {[%emt 0:00:00]} Nc6 {[%emt 0:00:00]} 3. Bb5 {[%emt 0:00:02]} a6 {[%emt 0:00:33]} 4. Ba4 {[%emt 0:00:05]} Nf6 {[%emt 0:00:04]} 5. O-O {[%emt 0:01:22]} Be7 {[%emt 0:00:13]} 6. d3 {[%emt 0:00:19]} b5 {[%emt 0:00:44]} 7. Bb3 {[%emt 0:00:05]} d6 {[%emt 0:00:25]} 8. c3 {[%emt 0:01:09]} O-O {[%emt 0:00:29]} 9. h3 {[%emt 0:02:01]} Na5 {[%emt 0:01:43]} 10. Bc2 {[%emt 0:01:03]} c5 {[%emt 0:00:52]} 11. d4 {[%emt 0:02:35]} Nd7 {[%emt 0:02:12]} 12. Nbd2 {[%emt 0:07:39]} exd4 {[%emt 0:00:46]} 13. cxd4 {[%emt 0:00:06]} Nc6 {[%emt 0:00:54]} 14. a4 {[%emt 0:03:49]} Bb7 {[%emt 0:05:31]} 15. d5 {[%emt 0:01:47]} Nce5 {[%emt 0:00:16]} 16. Nxe5 {[%emt 0:00:25]} Nxe5 {[%emt 0:00:17]} 17. f4 {[%emt 0:04:45]} Ng6 {[%emt 0:03:36]} 18. Nf3 {[%emt 0:02:36]} b4 {[%emt 0:12:22]} 19. b3 {[%emt 0:02:14]} a5 {[%emt 0:07:34]} 20. Bd3 {[%emt 0:03:16]} Bf6 {[%emt 0:10:30]} 21. Ra2 {[%emt 0:02:52]} Ba6 {[%emt 0:01:57]} 22. Bxa6 {[%emt 0:02:45]} Rxa6 {[%emt 0:00:02]} 23. Qd3 {[%emt 0:00:20]} Ra7 {[%emt 0:03:49]} 24. Nd2 {[%emt 0:13:47]} Re8 {[%emt 0:05:04]} 25. Bb2 {[%emt 0:07:28]} Bxb2 {[%emt 0:02:36]} 26. Rxb2 {[%emt 0:00:06]} Rae7 {[%emt 0:07:18]} 27. Rbb1 {[%emt 0:05:31]} Qd7 {[%emt 0:08:44]} 28. Rbe1 {[%emt 0:03:51]} f5 {[%emt 0:04:09]} 29. Qc4 {[%emt 0:02:22]} fxe4 {[%emt 0:06:29]} 30. Rxe4 {[%emt 0:06:49]} Rxe4 {[%emt 0:01:25]} 31. Nxe4 {[%emt 0:00:10]} Qe7 {[%emt 0:04:18]} 32. Re1 {[%emt 0:06:20]} Kh8 {[%emt 0:01:04]} 33. g3 {[%emt 0:00:40]} Nf8 {[%emt 0:04:00]} 34. Re2 {[%emt 0:03:12]} Nd7 {[%emt 0:01:52]} 35. Kf2 {[%emt 0:02:11]} Qf8 {[%emt 0:02:24]} 36. Qb5 {[%emt 0:05:07]} Nf6 {[%emt 0:01:00]} 37. Nxf6 {[%emt 0:01:10]} Rxe2+ {[%emt 0:00:06]} 38. Kxe2 {[%emt 0:03:18]} gxf6 {[%emt 0:00:18]} 39. Qd7 {[%emt 0:02:34]} Kg8 {[%emt 0:01:11]} 40. Kd3 {[%emt 0:00:50]} Qb8 {[%emt 0:01:50]} 41. Qe7 {[%emt 0:32:02]} Qb6 {[%emt 0:02:45]} 42. Qe8+ {[%emt 0:00:00]} Kg7 {[%emt 0:00:21]} 43. Qc6 {[%emt 0:00:00]} Qd8 {[%emt 0:02:43]} 44. Ke4 {[%emt 0:00:00]} Qe7+ {[%emt 0:03:41]} 45. Kf5 {[%emt 0:00:00]} Qf7 {[%emt 0:01:39]} 46. g4 {[%emt 0:00:00]} h6 {[%emt 0:05:46]} 47. h4 {[%emt 0:00:00]} Qe7 {[%emt 0:06:37]} 48. h5 {[%emt 0:00:00]} Kf7 {[%emt 0:01:41]} 49. Qc8 {[%emt 0:00:00]} Kg7 {[%emt 0:05:57]} 50. Qa8 {[%emt 0:01:17]} Qd7+ {[%emt 0:00:58]} 51. Ke4 {[%emt 0:00:06]} Qxg4 {[%emt 0:00:43]} 52. Qb7+ {[%emt 0:00:58]} Kf8 {[%emt 0:00:23]} 53. Qb8+ {[%emt 0:00:46]} Ke7 {[%emt 0:00:34]} 54. Qc7+ {[%emt 0:00:10]} Qd7 {[%emt 0:00:39]} 55. Qxd7+ {[%emt 0:00:04]} Kxd7 {[%emt 0:00:04]} 56. Kd3 {[%emt 0:00:09]} 1/2-1/2

[Event "FRA-ch Open A-D 2018"]
[Site "Nimes"]
[Date "2018.08.25"]
[Round "8"]
[White "Verhille, Elie"]
[Black "Grundman, Anatole"]
[Result "0-1"]
[WhiteElo "1862"]
[BlackElo "1928"]
[Annotator "NA RC"]
[PlyCount "108"]
[EventDate "2018.08.18"]
[EventType "tourn"]
[EventCountry "FRA"]
[SourceTitle "playchess.com"]
[Source "ChessBase"]
[SourceQuality "1"]
[TimeControl "40/5400+30:1800+30"]

1. e4 {[%emt 0:00:18]} c5 {[%emt 0:00:00]} 2. Nf3 {[%emt 0:00:07]} d6 {[%emt 0:00:00]} 3. Bb5+ {[%emt 0:00:08]} Bd7 {[%emt 0:00:08]} 4. Bxd7+ {[%emt 0:00:06]} Qxd7 {[%emt 0:00:06]} 5. O-O {[%emt 0:00:06]} Nc6 {[%emt 0:00:17]} 6. c3 {[%emt 0:00:12]} Nf6 {[%emt 0:00:14]} 7. Re1 {[%emt 0:00:07]} e6 {[%emt 0:00:13]} 8. d4 {[%emt 0:00:30]} cxd4 {[%emt 0:00:06]} 9. cxd4 {[%emt 0:00:05]} d5 {[%emt 0:00:10]} 10. e5 {[%emt 0:00:06]} Ne4 {[%emt 0:00:11]} 11. Nbd2 {[%emt 0:00:11]} Nxd2 {[%emt 0:00:06]} 12. Bxd2 {[%emt 0:00:08]} Be7 {[%emt 0:00:34]} 13. Rc1 {[%emt 0:01:21]} O-O {[%emt 0:01:39]} 14. a3 {[%emt 0:02:13]} Qd8 {[%emt 0:02:08]} 15. Rc3 {[%emt 0:04:38]} Na5 {[%emt 0:04:13]} 16. Be3 {[%emt 0:07:20]} b5 {[%emt 0:13:37]} 17. Nd2 {[%emt 0:12:56]} b4 {[%emt 0:22:52]} 18. axb4 {[%emt 0:03:25]} Bxb4 {[%emt 0:00:29]} 19. Rc2 {[%emt 0:07:53]} Qd7 {[%emt 0:10:55]} 20. Rf1 {[%emt 0:09:13]} Rfc8 {[%emt 0:01:46]} 21. f4 {[%emt 0:04:32]} Qb5 {[%emt 0:04:36]} 22. Nf3 {[%emt 0:07:22]} Nc4 {[%emt 0:01:00]} 23. Bc1 {[%emt 0:01:17]} Nb6 {[%emt 0:04:24]} 24. g4 {[%emt 0:04:31]} Rxc2 {[%emt 0:01:59]} 25. Qxc2 {[%emt 0:01:30]} Rc8 {[%emt 0:00:21]} 26. Qf2 {[%emt 0:04:02]} Qd3 {[%emt 0:04:43]} 27. f5 {[%emt 0:13:11]} Rc2 {[%emt 0:07:51]} 28. Qh4 {[%emt 0:02:22]} Rxc1 {[%emt 0:07:54]} 29. Rxc1 {[%emt 0:02:18]} Qe3+ {[%emt 0:00:10]} 30. Kg2 {[%emt 0:01:18]} Qxc1 {[%emt 0:00:35]} 31. fxe6 {[%emt 0:02:48]} fxe6 {[%emt 0:03:22]} 32. Qd8+ {[%emt 0:03:18]} Bf8 {[%emt 0:00:22]} 33. Qe8 {[%emt 0:02:45]} Qc8 {[%emt 0:02:26]} 34. Qxc8 {[%emt 0:03:57]} Nxc8 {[%emt 0:00:06]} 35. Ng5 {[%emt 0:00:05]} Be7 {[%emt 0:03:45]} 36. Nxe6 {[%emt 0:00:02]} Nb6 {[%emt 0:01:16]} 37. Nf4 {[%emt 0:00:34]} Kf7 {[%emt 0:01:21]} 38. Kf3 {[%emt 0:00:27]} g5 {[%emt 0:01:14]} 39. Nd3 {[%emt 0:00:44]} Ke6 {[%emt 0:00:47]} 40. Ke2 {[%emt 0:01:22]} a5 {[%emt 0:00:58]} 41. b3 {[%emt 0:02:04]} a4 {[%emt 0:11:58]} 42. bxa4 {[%emt 0:00:14]} Nxa4 {[%emt 0:00:04]} 43. h4 {[%emt 0:02:25]} Nc3+ {[%emt 0:01:50]} 44. Kf3 {[%emt 0:04:15]} gxh4 45. Kf4 {[%emt 0:02:56]} Ne4 {[%emt 0:06:28]} 46. Kf3 {[%emt 0:01:40]} Bg5 {[%emt 0:02:32]} 47. Ne1 {[%emt 0:04:44]} Nd2+ {[%emt 0:04:43]} 48. Kg2 {[%emt 0:01:27]} Nb3 {[%emt 0:01:45]} 49. Nf3 {[%emt 0:00:41]} Be3 {[%emt 0:01:16]} 50. Kh3 {[%emt 0:01:14]} Nxd4 {[%emt 0:01:05]} 51. Nxh4 {[%emt 0:00:38]} Kxe5 {[%emt 0:00:48]} 52. Kg3 {[%emt 0:00:50]} Bg5 {[%emt 0:01:27]} 53. Ng2 {[%emt 0:00:10]} Ke4 {[%emt 0:01:03]} 54. Ne1 {[%emt 0:00:40]} Bh4+ {[%emt 0:01:26]} 0-1

[Event "FRA-ch Open A-D 2018"]
[Site "Nimes"]
[Date "2018.08.25"]
[Round "8"]
[White "Radoman, Emmanuel"]
[Black "Brouard, Gregoire"]
[Result "1-0"]
[WhiteElo "1818"]
[BlackElo "1898"]
[Annotator "NA RC"]
[PlyCount "117"]
[EventDate "2018.08.18"]
[EventType "tourn"]
[EventCountry "FRA"]
[SourceTitle "playchess.com"]
[Source "ChessBase"]
[SourceQuality "1"]
[TimeControl "40/5400+30:1800+30"]

1. e4 {[%emt 0:00:00]} e6 {[%emt 0:00:00]} 2. d4 {[%emt 0:00:55]} d5 {[%emt 0:00:00]} 3. Nd2 {[%emt 0:00:04]} Nf6 {[%emt 0:00:00]} 4. e5 {[%emt 0:00:03]} Nfd7 {[%emt 0:00:00]} 5. Bd3 {[%emt 0:00:06]} c5 {[%emt 0:00:04]} 6. c3 {[%emt 0:00:02]} Nc6 {[%emt 0:00:05]} 7. Ne2 {[%emt 0:00:04]} cxd4 {[%emt 0:00:05]} 8. cxd4 {[%emt 0:00:02]} f6 {[%emt 0:00:07]} 9. exf6 {[%emt 0:00:03]} Nxf6 {[%emt 0:00:07]} 10. O-O {[%emt 0:00:09]} Bd6 {[%emt 0:00:07]} 11. Nf3 {[%emt 0:00:02]} O-O {[%emt 0:00:20]} 12. Bf4 {[%emt 0:00:17]} Nh5 {[%emt 0:00:43]} 13. Bxd6 {[%emt 0:00:59]} Qxd6 {[%emt 0:00:06]} 14. Qc1 {[%emt 0:03:14]} Bd7 {[%emt 0:11:01]} 15. Qg5 {[%emt 0:00:30]} Be8 {[%emt 0:02:58]} 16. Rac1 {[%emt 0:10:43]} Nf4 {[%emt 0:05:22]} 17. Nxf4 {[%emt 0:17:20]} Qxf4 {[%emt 0:01:50]} 18. Rfd1 {[%emt 0:06:10]} h6 {[%emt 0:02:22]} 19. Qxf4 {[%emt 0:01:26]} Rxf4 {[%emt 0:00:05]} 20. Bb5 {[%emt 0:03:53]} Na5 {[%emt 0:26:12]} 21. Bxe8 {[%emt 0:02:28]} Rxe8 {[%emt 0:00:07]} 22. Ne5 {[%emt 0:10:36]} b5 {[%emt 0:04:37]} 23. b3 {[%emt 0:07:00]} a6 {[%emt 0:14:26]} 24. Rc7 {[%emt 0:02:59]} Rff8 {[%emt 0:01:54]} 25. g3 {[%emt 0:02:43]} Rb8 {[%emt 0:04:01]} 26. Rdc1 {[%emt 0:07:33]} Ra8 {[%emt 0:06:27]} 27. Re7 {[%emt 0:06:35]} Rfc8 {[%emt 0:01:05]} 28. Rxc8+ {[%emt 0:00:26]} Rxc8 {[%emt 0:00:05]} 29. Rxe6 {[%emt 0:00:06]} Rc2 {[%emt 0:00:08]} 30. Rxa6 {[%emt 0:00:54]} Rxa2 {[%emt 0:00:07]} 31. b4 {[%emt 0:05:34]} Ra1+ {[%emt 0:00:07]} 32. Kg2 {[%emt 0:00:02]} Nb3 {[%emt 0:00:08]} 33. Rd6 {[%emt 0:07:54]} Nxd4 {[%emt 0:07:16]} 34. Rxd5 {[%emt 0:00:17]} Nc2 {[%emt 0:00:14]} 35. Rxb5 {[%emt 0:01:08]} Rb1 {[%emt 0:01:08]} 36. Rb8+ {[%emt 0:00:26]} Kh7 {[%emt 0:00:06]} 37. b5 {[%emt 0:00:57]} Na3 {[%emt 0:01:17]} 38. b6 {[%emt 0:00:33]} Rb3 {[%emt 0:01:34]} 39. b7 {[%emt 0:01:11]} Rb5 {[%emt 0:03:49]} 40. Nf7 {[%emt 0:03:11]} Nc4 {[%emt 0:02:25]} 41. Rh8+ {[%emt 0:04:51]} Kg6 {[%emt 0:00:21]} 42. b8=Q {[%emt 0:05:23]} Rxb8 {[%emt 0:00:18]} 43. Rxb8 {[%emt 0:00:09]} Kxf7 {[%emt 0:00:09]} 44. h4 {[%emt 0:01:56]} Ne5 {[%emt 0:00:22]} 45. Rb5 {[%emt 0:00:30]} Ng4 {[%emt 0:00:23]} 46. Kf3 {[%emt 0:01:21]} Nf6 {[%emt 0:00:16]} 47. g4 {[%emt 0:02:17]} Ng8 {[%emt 0:01:15]} 48. Kf4 {[%emt 0:00:27]} Ne7 {[%emt 0:00:32]} 49. Rb7 {[%emt 0:07:57]} Kf6 {[%emt 0:01:29]} 50. Rxe7 {[%emt 0:03:51]} Kxe7 {[%emt 0:00:08]} 51. Kf5 {[%emt 0:00:01]} Kf7 {[%emt 0:01:18]} 52. h5 {[%emt 0:00:15]} Kg8 {[%emt 0:00:35]} 53. Kg6 {[%emt 0:00:03]} Kh8 {[%emt 0:00:12]} 54. f4 {[%emt 0:00:04]} Kg8 {[%emt 0:00:07]} 55. g5 {[%emt 0:06:43]} hxg5 {[%emt 0:00:42]} 56. fxg5 {[%emt 0:00:17]} Kh8 {[%emt 0:00:05]} 57. Kf7 {[%emt 0:01:46]} Kh7 {[%emt 0:00:51]} 58. g6+ {[%emt 0:00:06]} Kh8 {[%emt 0:00:53]} 59. h6 {[%emt 0:00:06]} 1-0

[Event "FRA-ch Open A-D 2018"]
[Site "Nimes"]
[Date "2018.08.25"]
[Round "8"]
[White "Dimey, Cyrille"]
[Black "Verin, Jules"]
[Result "1-0"]
[WhiteElo "1807"]
[BlackElo "1941"]
[Annotator "NA RC"]
[PlyCount "67"]
[EventDate "2018.08.18"]
[EventType "tourn"]
[EventCountry "FRA"]
[SourceTitle "playchess.com"]
[Source "ChessBase"]
[SourceQuality "1"]
[TimeControl "40/5400+30:1800+30"]

1. d4 {[%emt 0:00:00]} g6 {[%emt 0:00:00]} 2. c4 {[%emt 0:00:00]} Bg7 {[%emt 0:00:00]} 3. Nc3 {[%emt 0:00:00]} d6 {[%emt 0:00:00]} 4. Nf3 {[%emt 0:00:00]} Nd7 {[%emt 0:00:00]} 5. Bg5 {[%emt 0:00:38]} Ngf6 {[%emt 0:05:03]} 6. e3 {[%emt 0:00:14]} h6 {[%emt 0:02:22]} 7. Bh4 {[%emt 0:00:39]} O-O {[%emt 0:04:19]} 8. Be2 {[%emt 0:00:37]} c5 {[%emt 0:05:46]} 9. d5 {[%emt 0:00:27]} Ne5 {[%emt 0:02:14]} 10. Nd2 {[%emt 0:03:32]} a6 {[%emt 0:06:35]} 11. a4 {[%emt 0:04:08]} g5 {[%emt 0:09:31]} 12. Bg3 {[%emt 0:00:51]} Bf5 {[%emt 0:01:01]} 13. Bxe5 {[%emt 0:14:04]} dxe5 {[%emt 0:00:41]} 14. e4 {[%emt 0:02:32]} Bh7 {[%emt 0:02:18]} 15. h4 {[%emt 0:00:56]} gxh4 {[%emt 0:05:45]} 16. Rxh4 {[%emt 0:08:06]} Ne8 {[%emt 0:07:51]} 17. g4 {[%emt 0:09:47]} Nd6 {[%emt 0:10:25]} 18. Bd3 {[%emt 0:02:34]} e6 {[%emt 0:06:03]} 19. Rh5 {[%emt 0:06:27]} Bg6 {[%emt 0:04:00]} 20. Rh2 {[%emt 0:01:54]} Qg5 {[%emt 0:04:29]} 21. Qe2 {[%emt 0:03:24]} f5 {[%emt 0:07:31]} 22. dxe6 {[%emt 0:05:11]} fxg4 {[%emt 0:02:34]} 23. Nd5 {[%emt 0:03:07]} Rae8 {[%emt 0:02:48]} 24. e7 {[%emt 0:03:15]} Rf7 {[%emt 0:01:02]} 25. O-O-O {[%emt 0:04:03]} Bf6 {[%emt 0:01:24]} 26. Rg1 {[%emt 0:04:25]} h5 {[%emt 0:00:38]} 27. Kc2 {[%emt 0:05:15]} Bxe7 {[%emt 0:00:39]} 28. Rgh1 {[%emt 0:07:44]} Ref8 {[%emt 0:01:32]} 29. Ne3 {[%emt 0:01:41]} Kg7 {[%emt 0:01:19]} 30. Nf5+ {[%emt 0:01:36]} Kg8 {[%emt 0:01:36]} 31. Nh4 {[%emt 0:01:17]} Rh7 {[%emt 0:02:14]} 32. Nf1 {[%emt 0:01:01]} Qf4 {[%emt 0:01:15]} 33. Nxg6 {[%emt 0:00:30]} Qh6 34. Nh4 1-0

[Event "FRA-ch Open A-D 2018"]
[Site "Nimes"]
[Date "2018.08.25"]
[Round "8"]
[White "Rasolo, Loick"]
[Black "Alashtar, Aasef"]
[Result "0-1"]
[WhiteElo "1723"]
[BlackElo "1724"]
[Annotator "NA RC"]
[PlyCount "70"]
[EventDate "2018.08.18"]
[EventType "tourn"]
[EventCountry "FRA"]
[SourceTitle "playchess.com"]
[Source "ChessBase"]
[SourceQuality "1"]
[TimeControl "40/5400+30:1800+30"]

1. d4 {[%emt 0:00:00]} Nf6 {[%emt 0:00:00]} 2. c4 {[%emt 0:00:00]} e6 {[%emt 0:01:14]} 3. Nf3 {[%emt 0:00:00]} d5 {[%emt 0:01:00]} 4. Nc3 {[%emt 0:00:19]} c6 {[%emt 0:01:36]} 5. e3 {[%emt 0:00:38]} Nbd7 {[%emt 0:01:41]} 6. Be2 {[%emt 0:00:41]} Bb4 {[%emt 0:09:55]} 7. Bd2 {[%emt 0:00:40]} O-O {[%emt 0:00:36]} 8. O-O {[%emt 0:00:07]} dxc4 {[%emt 0:18:18]} 9. Bxc4 {[%emt 0:00:12]} Bd6 {[%emt 0:13:38]} 10. Qc2 {[%emt 0:07:19]} e5 {[%emt 0:05:32]} 11. Rad1 {[%emt 0:11:39]} Qc7 {[%emt 0:07:23]} 12. h3 {[%emt 0:02:11]} exd4 {[%emt 0:03:13]} 13. Nxd4 {[%emt 0:01:06]} Ne5 {[%emt 0:00:55]} 14. Be2 {[%emt 0:01:01]} Re8 15. e4 {[%emt 0:12:08]} Ng6 {[%emt 0:02:47]} 16. Bg5 {[%emt 0:05:31]} Be5 {[%emt 0:03:25]} 17. Bxf6 {[%emt 0:18:46]} Bxf6 {[%emt 0:01:13]} 18. Nd5 {[%emt 0:00:49]} Qd8 {[%emt 0:00:01]} 19. Nxf6+ {[%emt 0:00:12]} Qxf6 {[%emt 0:00:02]} 20. Nf5 {[%emt 0:12:09]} Bxf5 {[%emt 0:02:43]} 21. exf5 {[%emt 0:02:41]} Nf4 {[%emt 0:02:05]} 22. Bf3 {[%emt 0:05:34]} g6 {[%emt 0:07:55]} 23. fxg6 {[%emt 0:15:18]} hxg6 {[%emt 0:00:08]} 24. Bg4 {[%emt 0:00:32]} Rad8 {[%emt 0:04:03]} 25. Rxd8 {[%emt 0:00:54]} Rxd8 {[%emt 0:00:02]} 26. g3 {[%emt 0:00:50]} Nd5 {[%emt 0:03:04]} 27. Qb3 {[%emt 0:00:56]} Nb6 {[%emt 0:04:18]} 28. Bf3 {[%emt 0:01:02]} Rd2 {[%emt 0:00:16]} 29. Rb1 {[%emt 0:00:41]} Qd4 {[%emt 0:00:21]} 30. Qe3 {[%emt 0:00:22]} Qxe3 {[%emt 0:00:35]} 31. fxe3 {[%emt 0:00:03]} Nc4 {[%emt 0:00:20]} 32. b3 {[%emt 0:01:05]} Nxe3 {[%emt 0:02:14]} 33. a4 {[%emt 0:00:33]} Nf5 {[%emt 0:00:12]} 34. g4 {[%emt 0:00:17]} Nd4 {[%emt 0:00:10]} 35. Be4 {[%emt 0:00:33]} Ne2+ {[%emt 0:01:01]} 0-1